Normal view
MARC view
Entry Topical Term
001 - CONTROL NUMBER
- control field: 26661
003 - CONTROL NUMBER IDENTIFIER
- control field: OSt
005 - DATE AND TIME OF LATEST TRANSACTION
- control field: 20230623165717.0
008 - FIXED-LENGTH DATA ELEMENTS
- fixed length control field: 230623|| aca||aabn | a|a d
040 ## - CATALOGING SOURCE
- Original cataloging agency: OSt
- Transcribing agency: OSt
150 ## - HEADING--TOPICAL TERM
- Topical term or geographic name entry element: ၸဝ်ႈသြႃႇပၼ်ႇတိတ
670 ## - SOURCE DATA FOUND
- Source citation: Work cat.: (OSt): ၵၼ်ႇထမႃႇသႃႇမိ ၸဝ်ႈ 26660, လင်ႇၵႃႇဝၢၵ်ႇပိုၼ်းၸဝ်ႈသြႃႇပၼ်တိတဝတ်ႉသၼ်ပႃႇၵေႃႇ၊ ဝဵင်ႈၵဵင်းႁၢႆး၊ ၸိုင်ႈထႆး